00846nam a22002177a 4500003000500000005001700005008004100022010001000063011001000073035001100083040000900094100003700103245015100140260004000291300002500331502010900356530003600465650003000501650003300531856006400564CHAP20220329143338.0081016s2008 mx a r 00010 spa d a95256 a96228 a106875 cCHAP1 aValencia Luna, Jessica Berenice.10aManejo de las principales plagas y enfermedades del crisantemo (Dendranthema grandiflora Tzvelev) cv. Polarisc/por Jessica Berenice Valencia Luna aChapingo, Méx. :bEl autor,c2008 aiv, 49 h. :bcuadros aTesis (Ing. Agr. Esp. en Parasitología Agrícola) -- UACH. Departamento de Parasitología Agrícola aTambién disponible en línea04aCrisantemoxEnfermedades.04aCrisantemoxPlagasxControl. 3Finding aiduhttp://10.13.5.2/tesis/106875.pdfzTeclea aqui